[Event "WCO 2016"]
[Site "?"]
[Date "2016.09.09"]
[Round "7"]
[Board "22"]
[WhiteID "32500017"]
[White "Elmi Boulaleh Mohamed"]
[BlackID "20700210"]
[Black "Simelane Wandile"]
[Result "0-1"]
[BlackElo "1615"]
[WhiteElo "1502"]
[LiveChessVersion "1.4.8"]

1. c4 {[%clk 1:30:54]} Nf6 {[%clk 1:30:43]} 2. h3 {[%clk 1:31:21]} e6
{[%clk 1:29:39]} 3. a3 {[%clk 1:31:01]} Be7 {[%clk 1:29:39]} 4. e3
{[%clk 1:30:51]} O-O {[%clk 1:28:45]} 5. Bd3 {[%clk 1:31:08]} d5 {[%clk 1:27:25]}
6. Ne2 {[%clk 1:30:28]} b6 {[%clk 1:27:13]} 7. Nbc3 {[%clk 1:29:45]} Bb7
{[%clk 1:27:13]} 8. O-O {[%clk 1:29:35]} a6 {[%clk 1:23:39]} 9. b3
{[%clk 1:28:59]} Nbd7 {[%clk 1:21:39]} 10. Bb1 {[%clk 1:28:46]} Ne5
{[%clk 1:21:44]} 11. d4 {[%clk 1:28:27]} Ng6 {[%clk 1:21:50]} 12. Ng3
{[%clk 1:26:16]} c5 {[%clk 1:12:42]} 13. Nce2 {[%clk 1:23:36]} dxc4
{[%clk 1:11:02]} 14. bxc4 {[%clk 1:23:49]} Bd6 {[%clk 1:03:23]} 15. f4
{[%clk 1:20:52]} Qc7 {[%clk 1:01:32]} 16. e4 {[%clk 1:21:13]} Nd7
{[%clk 0:58:48]} 17. e5 {[%clk 1:19:43]} Be7 {[%clk 0:59:12]} 18. f5 Nh4
{[%clk 0:59:00]} 19. f6 {[%clk 1:12:18]} Nxf6 {[%clk 0:58:15]} 20. exf6
{[%clk 1:10:33]} Bxf6 {[%clk 0:56:49]} 21. Rxf6 {[%clk 1:10:34]} gxf6
{[%clk 0:55:54]} 22. Nf4 {[%clk 1:10:35]} Ng6 {[%clk 0:52:42]} 23. Ngh5
{[%clk 1:08:23]} Qd8 {[%clk 0:47:56]} 24. d5 {[%clk 1:04:28]} e5 {[%clk 0:43:24]}
25. Nd3 {[%clk 1:01:23]} Qd6 {[%clk 0:36:40]} 26. Qd2 {[%clk 1:00:58]} Kh8
{[%clk 0:23:03]} 27. Qh6 {[%clk 1:00:28]} Rg8 {[%clk 0:22:31]} 28. Ra2
{[%clk 1:00:57]} b5 {[%clk 0:14:54]} 29. Nxc5 {[%clk 1:00:12]} Qxc5+
{[%clk 0:13:20]} 30. Be3 {[%clk 1:00:40]} Qe7 {[%clk 0:11:43]} 31. Rf2
{[%clk 1:01:02]} Qf8 {[%clk 0:09:32]} 32. Rxf6 {[%clk 0:59:57]} Qxh6
{[%clk 0:07:31]} 33. Bxh6 {[%clk 1:00:24]} bxc4 {[%clk 0:05:38]} 34. Be4
{[%clk 1:00:38]} Rae8 {[%clk 0:02:52]} 35. Rxf7 {[%clk 1:00:56]} Re7
{[%clk 0:03:08]} 36. Rf6 {[%clk 0:51:32]} c3 {[%clk 0:02:36]} 37. Ng3
{[%clk 0:44:20]} Rd7 {[%clk 0:02:35]} 38. h4 {[%clk 0:37:53]} Bxd5
{[%clk 0:02:30]} 39. Bxd5 {[%clk 0:36:58]} Rxd5 {[%clk 0:02:45]} 40. h5
{[%clk 1:06:48]} Nf4 {[%clk 0:32:25]} 41. Bxf4 {[%clk 1:04:51]} Rd1+
{[%clk 0:31:50]} 42. Kh2 {[%clk 1:05:04]} exf4 {[%clk 0:31:50]} 43. Ne4
{[%clk 1:05:32]} c2 {[%clk 0:31:07]} 44. Rc6 {[%clk 1:05:12]} c1=Q
{[%clk 0:31:18]} 45. Rxc1 {[%clk 1:05:18]} Rxc1 {[%clk 0:31:09]} 46. h6
{[%clk 1:05:08]} Rc2 {[%clk 0:31:11]} 47. Kh3 {[%clk 1:04:38]} Rgxg2
{[%clk 0:31:06]} 48. Kh4 {[%clk 1:04:44]} Rc1 {[%clk 0:31:02]} 49. Ng5
{[%clk 1:04:51]} Rh1+ {[%clk 0:31:10]} 50. Nh3 {[%clk 1:05:20]} f3
{[%clk 0:31:06]} 51. a4 {[%clk 1:05:22]} a5 {[%clk 0:31:32]} 0-1

[Event "WCO 2016"]
[Site "?"]
[Date "2016.09.09"]
[Round "7"]
[Board "2"]
[WhiteID "1122320"]
[White "Zawadzka Jolanta"]
[BlackID "4167570"]
[Black "Gunina Valentina"]
[Result "0-1"]
[BlackElo "2520"]
[WhiteElo "2429"]
[LiveChessVersion "1.4.8"]

1. e4 {[%clk 1:30:56]} c6 {[%clk 1:30:51]} 2. d4 {[%clk 1:31:19]} d5
{[%clk 1:31:17]} 3. Nc3 {[%clk 1:31:43]} dxe4 {[%clk 1:31:42]} 4. Nxe4
{[%clk 1:32:08]} Bf5 {[%clk 1:32:09]} 5. Qf3 {[%clk 1:32:31]} Bg6
{[%clk 1:25:47]} 6. Ne2 {[%clk 1:32:30]} Nd7 {[%clk 1:22:43]} 7. Nf4
{[%clk 1:32:21]} Bxe4 {[%clk 1:17:42]} 8. Qxe4 {[%clk 1:32:45]} Ngf6
{[%clk 1:18:06]} 9. Qe2 {[%clk 1:33:02]} e6 {[%clk 1:16:52]} 10. g3
{[%clk 1:30:57]} Bd6 {[%clk 1:13:56]} 11. Bg2 {[%clk 1:26:08]} Qc7
{[%clk 1:11:54]} 12. O-O {[%clk 1:22:09]} O-O {[%clk 1:11:42]} 13. Nd3
{[%clk 1:12:10]} Rfe8 {[%clk 1:11:10]} 14. Bg5 {[%clk 0:56:47]} e5
{[%clk 1:07:09]} 15. dxe5 {[%clk 0:56:13]} Bxe5 {[%clk 1:07:27]} 16. Qf3
{[%clk 0:50:38]} h6 {[%clk 1:06:49]} 17. Bd2 {[%clk 0:47:13]} Re7
{[%clk 1:03:05]} 18. Rfe1 {[%clk 0:46:10]} Rae8 {[%clk 1:03:10]} 19. Rad1
{[%clk 0:40:40]} Bd6 {[%clk 0:56:47]} 20. Qf5 {[%clk 0:32:25]} Re6
{[%clk 0:48:02]} 21. Rxe6 {[%clk 0:31:14]} fxe6 {[%clk 0:47:14]} 22. Qa5
{[%clk 0:31:04]} b6 {[%clk 0:45:30]} 23. Qa4 {[%clk 0:30:22]} c5 {[%clk 0:36:04]}
24. Nf4 {[%clk 0:27:10]} c4 {[%clk 0:29:47]} 25. Be3 {[%clk 0:21:26]} Ne5
{[%clk 0:24:59]} 26. Nh5 {[%clk 0:19:17]} Nfd7 {[%clk 0:24:50]} 27. Bd4
{[%clk 0:12:51]} Rd8 {[%clk 0:21:38]} 28. b4 {[%clk 0:12:54]} Nf8
{[%clk 0:19:42]} 29. c3 {[%clk 0:09:37]} Nd3 {[%clk 0:15:26]} 30. Qc6
{[%clk 0:05:18]} Qf7 {[%clk 0:11:02]} 31. g4 {[%clk 0:03:47]} Be5
{[%clk 0:09:43]} 32. Qxc4 {[%clk 0:00:43]} Bxd4 {[%clk 0:09:12]} 33. cxd4
{[%clk 0:01:05]} Qxf2+ {[%clk 0:08:18]} 34. Kh1 {[%clk 0:01:32]} Rxd4
{[%clk 0:08:39]} 35. Qc3 {[%clk 0:00:35]} Nf4 {[%clk 0:07:51]} 36. Rg1
{[%clk 0:00:31]} Qxg1+ {[%clk 0:08:08]} 0-1

[Event "WCO 2016"]
[Site "?"]
[Date "2016.09.09"]
[Round "7"]
[Board "3"]
[WhiteID "4147103"]
[White "Goryachkina Aleksandra"]
[BlackID "1122681"]
[Black "Szczepkowska-Horowska Karina"]
[Result "0-1"]
[BlackElo "2409"]
[WhiteElo "2475"]
[LiveChessVersion "1.4.8"]

1. d4 {[%clk 1:30:47]} Nf6 {[%clk 1:30:26]} 2. c4 {[%clk 1:30:51]} g6
{[%clk 1:30:48]} 3. Nc3 {[%clk 1:29:33]} d5 {[%clk 1:31:06]} 4. Nf3
{[%clk 1:20:44]} Bg7 {[%clk 1:30:48]} 5. Qb3 {[%clk 1:20:57]} dxc4
{[%clk 1:28:16]} 6. Qxc4 {[%clk 1:21:07]} O-O {[%clk 1:28:23]} 7. e4
{[%clk 1:20:09]} Nc6 {[%clk 1:26:12]} 8. Be2 {[%clk 1:13:23]} e5 {[%clk 1:26:16]}
9. d5 {[%clk 1:10:46]} Nd4 {[%clk 1:26:38]} 10. Nxd4 {[%clk 1:01:49]} exd4
{[%clk 1:27:02]} 11. Qxd4 {[%clk 1:01:09]} c6 {[%clk 1:27:27]} 12. Qd1
{[%clk 0:56:34]} Re8 {[%clk 1:15:06]} 13. dxc6 {[%clk 0:51:24]} Qxd1+
{[%clk 1:07:18]} 14. Nxd1 {[%clk 0:51:26]} Nxe4 {[%clk 1:07:15]} 15. cxb7
{[%clk 0:43:18]} Bxb7 {[%clk 1:07:40]} 16. Ne3 {[%clk 0:38:15]} f5
{[%clk 0:59:33]} 17. O-O {[%clk 0:34:06]} f4 {[%clk 0:50:59]} 18. Bc4+
{[%clk 0:30:17]} Kh8 {[%clk 0:50:56]} 19. Nd1 {[%clk 0:23:59]} Rac8
{[%clk 0:45:47]} 20. Bd3 {[%clk 0:22:35]} g5 {[%clk 0:44:16]} 21. Bxe4
{[%clk 0:19:14]} Bxe4 {[%clk 0:37:12]} 22. Nc3 {[%clk 0:16:56]} Bd3
{[%clk 0:36:14]} 23. Rd1 {[%clk 0:16:44]} Bc2 {[%clk 0:35:25]} 24. Rf1
{[%clk 0:16:57]} Rcd8 {[%clk 0:16:36]} 25. a4 {[%clk 0:15:26]} Bd3
{[%clk 0:13:27]} 26. Rd1 {[%clk 0:15:00]} Bc2 {[%clk 0:13:04]} 27. Rf1
{[%clk 0:10:51]} Bb3 {[%clk 0:12:27]} 28. Kh1 {[%clk 0:08:00]} Bc4
{[%clk 0:12:01]} 29. Rg1 {[%clk 0:08:24]} Bd4 {[%clk 0:12:16]} 30. Nd1
{[%clk 0:07:55]} Re2 {[%clk 0:11:16]} 31. a5 {[%clk 0:05:17]} Rc2
{[%clk 0:08:09]} 32. Re1 {[%clk 0:04:04]} Kg8 {[%clk 0:07:11]} 33. h4
{[%clk 0:03:39]} h6 {[%clk 0:07:21]} 34. hxg5 {[%clk 0:02:52]} hxg5
{[%clk 0:07:45]} 35. Kg1 {[%clk 0:02:58]} Kf7 {[%clk 0:07:01]} 36. g3
{[%clk 0:00:43]} Rh8 {[%clk 0:05:41]} 0-1

[Event "WCO 2016"]
[Site "?"]
[Date "2016.09.09"]
[Round "7"]
[Board "4"]
[WhiteID "1131044"]
[White "Kulon Klaudia"]
[BlackID "4147855"]
[Black "Pogonina Natalija"]
[Result "1/2-1/2"]
[BlackElo "2484"]
[WhiteElo "2346"]
[LiveChessVersion "1.4.8"]

1. e4 {[%clk 1:30:57]} e5 {[%clk 1:30:56]} 2. Nf3 {[%clk 1:31:22]} Nc6
{[%clk 1:31:21]} 3. Bb5 {[%clk 1:31:44]} Nf6 {[%clk 1:31:39]} 4. d3
{[%clk 1:32:01]} Bc5 {[%clk 1:32:00]} 5. O-O {[%clk 1:31:12]} d6 {[%clk 1:31:48]}
6. h3 {[%clk 1:30:11]} O-O {[%clk 1:30:43]} 7. Bg5 {[%clk 1:24:18]} h6
{[%clk 1:19:00]} 8. Bh4 {[%clk 1:16:37]} g5 {[%clk 1:15:50]} 9. Bg3
{[%clk 1:16:30]} Nh5 {[%clk 1:12:17]} 10. Kh2 {[%clk 1:14:51]} Qf6
{[%clk 1:05:26]} 11. Nc3 {[%clk 0:56:12]} Ne7 {[%clk 1:01:33]} 12. Bc4
{[%clk 0:49:21]} a6 {[%clk 0:56:35]} 13. d4 {[%clk 0:41:06]} exd4
{[%clk 0:43:02]} 14. e5 {[%clk 0:41:25]} Qg6 {[%clk 0:34:12]} 15. exd6
{[%clk 0:36:02]} Nxg3 {[%clk 0:31:44]} 16. fxg3 {[%clk 0:36:28]} Bxd6
{[%clk 0:31:36]} 17. Nxd4 {[%clk 0:36:46]} c5 {[%clk 0:23:25]} 18. Bd3
{[%clk 0:28:56]} Bxg3+ {[%clk 0:20:54]} 19. Kh1 {[%clk 0:29:24]} Qg7
{[%clk 0:20:36]} 20. Nb3 {[%clk 0:29:09]} Be5 {[%clk 0:14:19]} 21. Nxc5
{[%clk 0:28:54]} b6 {[%clk 0:14:20]} 22. Qf3 {[%clk 0:27:38]} Bxh3
{[%clk 0:11:22]} 23. gxh3 {[%clk 0:25:53]} bxc5 {[%clk 0:11:48]} 24. Na4
{[%clk 0:25:35]} Ng6 {[%clk 0:10:50]} 25. c3 {[%clk 0:20:02]} Nh4
{[%clk 0:09:29]} 26. Qe4 {[%clk 0:15:15]} Bd6 {[%clk 0:08:49]} 27. Nb6
{[%clk 0:13:32]} Rae8 {[%clk 0:08:51]} 28. Qd5 {[%clk 0:13:22]} Rd8
{[%clk 0:08:03]} 29. Bc4 {[%clk 0:09:41]} Ng6 {[%clk 0:05:32]} 30. Qf5
{[%clk 0:07:48]} Ne5 {[%clk 0:05:26]} 31. Bb3 {[%clk 0:07:14]} Kh8
{[%clk 0:05:13]} 32. Rad1 {[%clk 0:06:27]} Bb8 {[%clk 0:04:11]} 33. Nd5
{[%clk 0:06:35]} c4 {[%clk 0:03:55]} 34. Bc2 {[%clk 0:07:04]} Ng6
{[%clk 0:02:46]} 35. Nf6 {[%clk 0:05:47]} Rxd1 {[%clk 0:01:36]} 36. Rxd1
{[%clk 0:06:16]} Nf4 {[%clk 0:01:03]} 37. Qc5 {[%clk 0:04:22]} Ne6
{[%clk 0:00:49]} 38. Qf5 {[%clk 0:03:43]} Nf4 {[%clk 0:01:16]} 39. Qc5
{[%clk 0:03:37]} Ne6 {[%clk 0:01:01]} 40. Qf5 {[%clk 0:34:06]} Nf4
{[%clk 0:30:44]} 1/2-1/2

[Event "WCO 2016"]
[Site "?"]
[Date "2016.09.09"]
[Round "7"]
[Board "5"]
[WhiteID "8602980"]
[White "Hou Yifan"]
[BlackID "14111330"]
[Black "Muzychuk Anna"]
[Result "1/2-1/2"]
[BlackElo "2550"]
[WhiteElo "2658"]
[LiveChessVersion "1.4.8"]

1. e4 {[%clk 1:30:55]} c5 {[%clk 1:30:52]} 2. Nf3 {[%clk 1:31:18]} Nc6
{[%clk 1:31:14]} 3. d4 {[%clk 1:30:48]} cxd4 {[%clk 1:31:36]} 4. Nxd4
{[%clk 1:31:14]} Nf6 {[%clk 1:31:58]} 5. Nc3 {[%clk 1:31:38]} e5 {[%clk 1:32:21]}
6. Ndb5 {[%clk 1:32:01]} d6 {[%clk 1:32:42]} 7. Bg5 {[%clk 1:32:24]} a6
{[%clk 1:33:02]} 8. Na3 {[%clk 1:32:43]} b5 {[%clk 1:33:10]} 9. Nd5
{[%clk 1:32:59]} Be7 {[%clk 1:33:18]} 10. Bxf6 {[%clk 1:33:23]} Bxf6
{[%clk 1:33:43]} 11. c3 {[%clk 1:32:51]} Bg5 {[%clk 1:32:18]} 12. Nc2
{[%clk 1:32:37]} Rb8 {[%clk 1:32:05]} 13. a3 {[%clk 1:30:27]} a5 {[%clk 1:09:52]}
14. Bd3 {[%clk 1:28:36]} Ne7 {[%clk 1:03:26]} 15. Nxe7 {[%clk 1:16:40]} Qxe7
{[%clk 0:52:18]} 16. Qe2 {[%clk 1:15:17]} Qb7 {[%clk 0:49:12]} 17. O-O
{[%clk 1:14:27]} O-O 18. b4 Qc7 {[%clk 0:36:27]} 19. bxa5 {[%clk 1:10:15]} Qxa5
{[%clk 0:36:16]} 20. Nb4 {[%clk 1:10:13]} Bd7 {[%clk 0:33:57]} 21. c4
{[%clk 1:09:13]} Rfc8 22. g3 {[%clk 0:58:29]} bxc4 {[%clk 0:20:41]} 23. Bxc4
{[%clk 0:58:48]} Bb5 {[%clk 0:20:47]} 24. Bxb5 {[%clk 0:57:58]} Qxb5
{[%clk 0:21:06]} 25. Qxb5 {[%clk 0:56:27]} Rxb5 {[%clk 0:21:35]} 26. Rfd1
{[%clk 0:42:55]} g6 {[%clk 0:19:40]} 27. h4 {[%clk 0:38:22]} Bh6 {[%clk 0:16:22]}
28. Kf1 {[%clk 0:23:12]} Rc4 {[%clk 0:16:22]} 29. Rxd6 {[%clk 0:18:02]} Rc1+
{[%clk 0:12:24]} 30. Rd1 {[%clk 0:17:35]} Rc4 {[%clk 0:10:39]} 31. Rd8+ Bf8
{[%clk 0:07:48]} 32. Nd5 {[%clk 0:03:58]} Kg7 {[%clk 0:07:47]} 33. a4
{[%clk 0:03:20]} Ra5 {[%clk 0:02:02]} 34. Rb1 {[%clk 0:03:49]} Rcxa4
{[%clk 0:01:18]} 35. Rb7 {[%clk 0:04:04]} Ra7 {[%clk 0:00:44]} 36. Rbb8
{[%clk 0:02:40]} Bc5 {[%clk 0:00:58]} 37. Rbc8 {[%clk 0:01:06]} Bd4
{[%clk 0:01:10]} 38. Rg8+ {[%clk 0:00:41]} Kh6 {[%clk 0:01:39]} 39. Nf6
{[%clk 0:00:36]} Ra2 {[%clk 0:01:31]} 40. Ng4+ {[%clk 0:31:01]} Kh5
{[%clk 0:32:00]} 41. Nf6+ {[%clk 0:27:35]} Kh6 {[%clk 0:32:26]} 42. Ng4+
{[%clk 0:28:02]} 1/2-1/2

[Event "WCO 2016"]
[Site "?"]
[Date "2016.09.09"]
[Round "7"]
[Board "6"]
[WhiteID "14114550"]
[White "Muzychuk Mariya"]
[BlackID "8603006"]
[Black "Ju Wenjun"]
[Result "1/2-1/2"]
[BlackElo "2583"]
[WhiteElo "2539"]
[LiveChessVersion "1.4.8"]

1. e4 {[%clk 1:30:56]} e5 {[%clk 1:30:53]} 2. Nf3 {[%clk 1:31:17]} Nf6
{[%clk 1:31:12]} 3. Nxe5 {[%clk 1:31:38]} d6 {[%clk 1:31:35]} 4. Nf3
{[%clk 1:32:05]} Nxe4 {[%clk 1:32:00]} 5. d4 {[%clk 1:32:28]} d5 {[%clk 1:31:54]}
6. Bd3 {[%clk 1:32:36]} Nc6 {[%clk 1:32:06]} 7. O-O {[%clk 1:32:47]} Be7
{[%clk 1:32:19]} 8. Nbd2 {[%clk 1:33:02]} Nxd2 {[%clk 1:27:33]} 9. Bxd2
{[%clk 1:33:16]} Bg4 {[%clk 1:27:13]} 10. c3 {[%clk 1:33:34]} O-O
{[%clk 1:26:35]} 11. h3 {[%clk 1:33:28]} Bh5 {[%clk 1:26:26]} 12. g3
{[%clk 1:33:42]} Qd7 {[%clk 1:12:34]} 13. Kg2 {[%clk 1:32:48]} Bg6
{[%clk 1:11:42]} 14. Bf4 {[%clk 1:32:14]} Bxd3 {[%clk 1:01:29]} 15. Qxd3
{[%clk 1:32:33]} Rfe8 {[%clk 1:01:54]} 16. Rfe1 {[%clk 1:25:45]} Bd6
{[%clk 0:54:28]} 17. Bxd6 {[%clk 1:10:09]} Qxd6 {[%clk 0:54:37]} 18. Re3
{[%clk 1:10:26]} Rxe3 {[%clk 0:47:21]} 19. Qxe3 {[%clk 1:10:23]} h6
{[%clk 0:47:27]} 20. Re1 {[%clk 1:07:46]} a6 {[%clk 0:45:46]} 21. b4
{[%clk 0:58:31]} Rd8 {[%clk 0:41:07]} 22. a4 {[%clk 0:56:24]} Qd7
{[%clk 0:40:38]} 23. Qf4 {[%clk 0:55:32]} Qd6 {[%clk 0:30:06]} 24. Qh4
{[%clk 0:29:11]} Kf8 {[%clk 0:23:21]} 25. Qg4 {[%clk 0:26:58]} Qd7
{[%clk 0:22:03]} 26. Qf4 {[%clk 0:24:17]} Re8 {[%clk 0:20:58]} 27. Rxe8+
{[%clk 0:15:53]} Kxe8 {[%clk 0:20:41]} 28. Ne5 {[%clk 0:08:45]} Nxe5
{[%clk 0:20:45]} 29. Qxe5+ {[%clk 0:09:05]} Kf8 {[%clk 0:21:01]} 30. b5
{[%clk 0:08:03]} axb5 {[%clk 0:12:05]} 31. axb5 {[%clk 0:08:29]} f6
{[%clk 0:12:16]} 1/2-1/2

[Event "WCO 2016"]
[Site "?"]
[Date "2016.09.09"]
[Round "7"]
[Board "7"]
[WhiteID "8603642"]
[White "Tan Zhongyi"]
[BlackID "14101513"]
[Black "Zhukova Natalia"]
[Result "1-0"]
[BlackElo "2475"]
[WhiteElo "2475"]
[LiveChessVersion "1.4.8"]

1. d4 {[%clk 1:30:57]} e6 {[%clk 1:28:46]} 2. Nf3 {[%clk 1:28:14]} Nf6
{[%clk 1:28:44]} 3. c4 {[%clk 1:26:29]} c5 {[%clk 1:28:59]} 4. d5
{[%clk 1:24:33]} exd5 {[%clk 1:29:08]} 5. cxd5 {[%clk 1:24:58]} d6
{[%clk 1:29:22]} 6. Nc3 {[%clk 1:25:17]} g6 {[%clk 1:29:37]} 7. e4
{[%clk 1:24:00]} Bg7 {[%clk 1:29:53]} 8. Be2 {[%clk 1:23:09]} O-O
{[%clk 1:28:51]} 9. O-O {[%clk 1:23:03]} Bg4 {[%clk 1:25:35]} 10. Nd2
{[%clk 1:22:15]} Bxe2 {[%clk 1:25:44]} 11. Qxe2 {[%clk 1:22:41]} Re8
{[%clk 1:25:28]} 12. a4 {[%clk 1:14:26]} Na6 {[%clk 1:21:15]} 13. Nc4
{[%clk 0:57:15]} Nb4 {[%clk 1:20:35]} 14. Bg5 {[%clk 0:54:35]} h6
{[%clk 0:56:52]} 15. Bh4 {[%clk 0:54:39]} Qe7 {[%clk 0:56:58]} 16. Rae1
{[%clk 0:50:09]} a6 {[%clk 0:39:36]} 17. a5 {[%clk 0:49:37]} Qc7 {[%clk 0:35:21]}
18. Qd2 {[%clk 0:45:02]} Nd7 {[%clk 0:30:56]} 19. Bg3 {[%clk 0:40:23]} Ne5
{[%clk 0:30:27]} 20. Bxe5 {[%clk 0:39:58]} dxe5 {[%clk 0:23:41]} 21. Rc1
{[%clk 0:35:57]} Rad8 {[%clk 0:22:11]} 22. Rfd1 {[%clk 0:30:36]} Kh7
{[%clk 0:19:47]} 23. d6 {[%clk 0:30:05]} Qc6 {[%clk 0:11:28]} 24. d7
{[%clk 0:24:35]} Rf8 {[%clk 0:08:47]} 25. Nb6 {[%clk 0:13:28]} f5
{[%clk 0:08:01]} 26. Qd6 {[%clk 0:11:33]} Rf7 {[%clk 0:06:45]} 27. Nca4
{[%clk 0:10:04]} Qxd6 {[%clk 0:04:01]} 28. Rxd6 {[%clk 0:10:30]} Bf8
{[%clk 0:04:25]} 29. Re6 {[%clk 0:09:02]} Rfxd7 {[%clk 0:00:50]} 30. Nxd7
{[%clk 0:09:26]} Rxd7 {[%clk 0:01:18]} 31. exf5 {[%clk 0:05:57]} gxf5
{[%clk 0:01:45]} 32. Nb6 {[%clk 0:03:07]} Rd4 {[%clk 0:01:08]} 33. Re8
{[%clk 0:03:00]} Nd3 {[%clk 0:01:15]} 34. Rc4 {[%clk 0:02:54]} Bg7
{[%clk 0:00:40]} 35. Rxd4 {[%clk 0:03:17]} exd4 {[%clk 0:01:01]} 36. Nc4
{[%clk 0:03:31]} Nb4 {[%clk 0:00:36]} 37. Re7 {[%clk 0:03:35]} d3
{[%clk 0:01:02]} 38. Kf1 {[%clk 0:03:35]} Kg6 {[%clk 0:00:53]} 39. Rxb7
{[%clk 0:03:25]} Bd4 {[%clk 0:01:12]} 40. f4 {[%clk 0:32:13]} Kh5
{[%clk 0:30:50]} 41. g3 {[%clk 0:29:52]} Nd5 {[%clk 0:27:11]} 42. h3
{[%clk 0:28:12]} Nf6 {[%clk 0:24:18]} 43. Rb6 {[%clk 0:27:07]} Ne4
{[%clk 0:24:37]} 44. Rxa6 {[%clk 0:24:48]} Nxg3+ {[%clk 0:24:15]} 45. Ke1
{[%clk 0:25:07]} Ne4 {[%clk 0:22:37]} 46. Re6 {[%clk 0:24:55]} 1-0

[Event "WCO 2016"]
[Site "?"]
[Date "2016.09.09"]
[Round "7"]
[Board "8"]
[WhiteID "14110911"]
[White "Ushenina Anna"]
[BlackID "8604002"]
[Black "Guo Qi"]
[Result "1/2-1/2"]
[BlackElo "2417"]
[WhiteElo "2457"]
[LiveChessVersion "1.4.8"]

1. d4 {[%clk 1:30:55]} d5 {[%clk 1:30:47]} 2. c4 {[%clk 1:31:15]} e6
{[%clk 1:31:08]} 3. Nc3 {[%clk 1:31:04]} Be7 {[%clk 1:31:27]} 4. Nf3
{[%clk 1:31:08]} Nf6 {[%clk 1:31:49]} 5. Bf4 {[%clk 1:31:32]} O-O
{[%clk 1:31:47]} 6. e3 {[%clk 1:31:37]} Nbd7 {[%clk 1:32:02]} 7. Be2
{[%clk 1:31:13]} dxc4 {[%clk 1:27:12]} 8. O-O {[%clk 1:31:08]} c5
{[%clk 1:25:21]} 9. dxc5 {[%clk 1:29:39]} Nxc5 {[%clk 1:25:24]} 10. Bxc4
{[%clk 1:30:04]} a6 {[%clk 1:22:25]} 11. Ne5 {[%clk 1:29:28]} Ncd7
{[%clk 1:10:59]} 12. Be2 {[%clk 1:05:01]} Nxe5 {[%clk 1:07:35]} 13. Qxd8
{[%clk 1:04:01]} Rxd8 {[%clk 1:07:31]} 14. Bxe5 {[%clk 1:04:27]} Bd7
{[%clk 1:00:34]} 15. Bf3 {[%clk 1:02:27]} Bc6 {[%clk 1:00:56]} 16. Bxc6
{[%clk 1:02:21]} bxc6 {[%clk 1:01:20]} 17. Na4 {[%clk 0:53:59]} Nd7
{[%clk 0:55:20]} 18. Bc7 {[%clk 0:42:39]} Rdc8 {[%clk 0:54:47]} 19. Ba5
{[%clk 0:43:05]} Kf8 {[%clk 0:50:05]} 20. Rac1 {[%clk 0:39:40]} Rab8
{[%clk 0:49:41]} 21. Rfd1 {[%clk 0:34:41]} Ke8 {[%clk 0:49:29]} 22. Kf1
{[%clk 0:32:44]} Rb5 {[%clk 0:42:28]} 23. Bc3 {[%clk 0:32:59]} f6
{[%clk 0:42:52]} 24. b3 {[%clk 0:32:16]} Nb6 {[%clk 0:41:03]} 25. Nxb6
{[%clk 0:31:13]} Rxb6 {[%clk 0:41:27]} 26. Rd4 {[%clk 0:30:27]} c5
{[%clk 0:35:44]} 27. Rg4 {[%clk 0:29:36]} g6 {[%clk 0:32:59]} 28. Ke2
{[%clk 0:25:10]} Kd7 {[%clk 0:30:15]} 29. Rc4 {[%clk 0:21:06]} Rb5
{[%clk 0:24:30]} 30. Rd1+ {[%clk 0:17:27]} Ke8 {[%clk 0:18:25]} 31. Rf4
{[%clk 0:15:15]} f5 {[%clk 0:18:27]} 32. Rc4 {[%clk 0:12:33]} Rc6
{[%clk 0:17:43]} 33. Rd2 {[%clk 0:09:08]} Rc8 {[%clk 0:14:00]} 34. Rc2
{[%clk 0:06:21]} Kd7 {[%clk 0:13:05]} 35. Bd2 {[%clk 0:05:17]} Rcb8
{[%clk 0:10:47]} 36. f3 {[%clk 0:04:10]} R8b6 {[%clk 0:07:07]} 37. e4
{[%clk 0:04:00]} h5 {[%clk 0:07:11]} 38. h3 {[%clk 0:03:00]} Rb7 {[%clk 0:06:38]}
39. Be3 {[%clk 0:02:09]} Rc7 {[%clk 0:07:01]} 40. Bd2 {[%clk 0:31:22]} Rcb7
{[%clk 0:37:12]} 41. Rc1 {[%clk 0:22:36]} Rb8 {[%clk 0:33:24]} 42. Rd1
{[%clk 0:11:22]} Ke8 {[%clk 0:32:53]} 43. Be1 {[%clk 0:08:20]} R8b7
{[%clk 0:32:28]} 44. Rdc1 {[%clk 0:07:59]} Kd7 {[%clk 0:32:18]} 45. Ra4
{[%clk 0:05:08]} Ra7 {[%clk 0:28:34]} 46. Kd3 {[%clk 0:05:14]} Kc6
{[%clk 0:24:26]} 47. Bf2 {[%clk 0:04:54]} Rd7+ {[%clk 0:24:06]} 48. Ke2
{[%clk 0:04:21]} Kb7 {[%clk 0:24:12]} 49. Rac4 {[%clk 0:03:43]} Rc7
{[%clk 0:22:49]} 50. Be1 {[%clk 0:02:41]} Rd7 {[%clk 0:23:00]} 51. Bf2
{[%clk 0:01:57]} Rc7 {[%clk 0:21:51]} 52. Rg1 {[%clk 0:01:19]} Rb4
{[%clk 0:22:07]} 53. g4 {[%clk 0:01:25]} Rxc4 {[%clk 0:20:59]} 54. bxc4
{[%clk 0:01:54]} hxg4 {[%clk 0:17:38]} 55. hxg4 {[%clk 0:02:23]} fxe4
{[%clk 0:17:59]} 56. fxe4 {[%clk 0:02:49]} Kc6 {[%clk 0:18:25]} 57. Rh1
{[%clk 0:01:05]} Rb7 {[%clk 0:07:49]} 58. Rh7 {[%clk 0:01:31]} Rb2+
{[%clk 0:07:40]} 59. Kf3 {[%clk 0:01:57]} Bf6 {[%clk 0:08:06]} 60. Rh6
{[%clk 0:02:14]} Bd4 {[%clk 0:08:16]} 61. Bxd4 {[%clk 0:01:16]} cxd4
{[%clk 0:08:41]} 62. Rxg6 {[%clk 0:01:44]} Kd6 {[%clk 0:08:43]} 63. e5+
{[%clk 0:01:12]} Kxe5 {[%clk 0:08:47]} 64. Rg5+ {[%clk 0:01:41]} Kf6
{[%clk 0:08:51]} 65. Ra5 {[%clk 0:02:09]} Rc2 {[%clk 0:09:08]} 66. Rxa6
{[%clk 0:02:12]} Rxc4 {[%clk 0:09:33]} 67. Ke4 {[%clk 0:02:20]} d3+
{[%clk 0:09:53]} 68. Kxd3 {[%clk 0:02:42]} Rxg4 {[%clk 0:10:19]} 1/2-1/2